000 00719nam a2200265Ia 4500
003 OSt
005 20220912151452.0
006 a|||||r|||| 00| 0
007 ta
008 220909b |||||||| |||| 00| 0 eng d
024 _a54576
037 _cTextual
040 _aCSL
_beng
_cCSL
041 _aeng
082 _aK9793:4:4, N0
100 _aBoorman G A Ed.
245 0 _aPathology of fischer rat: reference and atlas
260 _aNew York
_b Academic Press
_c1990
300 _a580p.
_ccm.
500 _aIncludes bibliography
650 _aMammals
700 _a Eustis S L Ed.
942 _hK9793:4:4, N0
_cTEXL
_2CC
999 _c69223
_d69223